[Event "Sachsen-ch U12"]
[Site "Sebnitz"]
[Date "2006.04.22"]
[Round "7"]
[White "Duenzel, Jonas"]
[Black "Morawetz, Kilian"]
[Result "1-0"]
[WhiteElo "1894"]
[BlackElo "1214"]
[PlyCount "137"]
[EventDate "2006.04.18"]
[EventType "swiss"]
[EventRounds "7"]
[EventCountry "GER"]
[SourceTitle "EXT 2007"]
[Source "ChessBase"]
[SourceDate "2006.11.23"]
[SourceVersion "1"]
[SourceVersionDate "2006.11.23"]
[SourceQuality "1"]

1. e4 e5 2. Nf3 Nc6 3. Bb5 a6 4. Ba4 Nf6 5. 0-0 d6 6. Re1 Bd7 7. c3 Be7 8. d4 exd4 9. cxd4 d5 10. Nc3 dxe4 11. Nxe4 0-0 12. Bc2 Nxe4 13. Bxe4 Rb8 14. d5 Na7 15. Ne5 Bb5 16. a4 Bd7 17. Bf4 Bd6 18. Rc1 Re8 19. Nxd7 Qxd7 20. Bxd6 Qxd6 21. Qd4 b6 22. Qd3 g6 23. Qxa6 Ra8 24. Qc4 Rac8 25. g3 Qf6 26. Qc3 Qd6 27. b4 Re7 28. Bg2 Rxe1+ 29. Rxe1 c6 30. dxc6 Nxc6 31. Bxc6 Qxc6 32. Qxc6 Rxc6 33. a5 bxa5 34. bxa5 Ra6 35. Re5 Kg7 36. Rb5 f5 37. Kg2 h5 38. Kf3 Kf6 39. Kf4 Ke7 40. Kg5 Kd7 41. f4 Kc7 42. Rb6 Rxa5 43. Rxg6 Ra2 44. Kxh5 Rxh2+ 45. Kg5 Kd7 46. Kxf5 Rh5+ 47. Rg5 Rh6 48. Rg6 Rh5+ 49. Kf6 Rc5 50. g4 Rc4 51. f5 Rc6+ 52. Kg7 Rc5 53. f6 Rc8 54. f7 Ke7 55. Rf6 Rf8 56. Re6+ Kxe6 57. Kxf8 Kd5 58. Kg8 Ke4 59. f8Q Kd4 60. Qe8 Kd5 61. Kf7 Kd4 62. g5 Kd5 63. g6 Kd4 64. g7 Kd5 65. g8R Kd4 66. Rg1 Kd3 67. Rd1+ Kc2 68. Rd7 Kc3 69. Qc8+ 1-0

[Event "Sachsen-ch U12"]
[Site "Sebnitz"]
[Date "2006.04.21"]
[Round "5"]
[White "Morawetz, Kilian"]
[Black "Hase, Albert"]
[Result "1-0"]
[WhiteElo "1214"]
[BlackElo "1249"]
[PlyCount "83"]
[EventDate "2006.04.18"]
[EventType "swiss"]
[EventRounds "7"]
[EventCountry "GER"]
[SourceTitle "EXT 2007"]
[Source "ChessBase"]
[SourceDate "2006.11.23"]
[SourceVersion "1"]
[SourceVersionDate "2006.11.23"]
[SourceQuality "1"]

1. e4 e5 2. Nf3 Nc6 3. Bc4 Bc5 4. c3 Nf6 5. d4 exd4 6. cxd4 Bb4+ 7. Bd2 Bxd2+ 8. Nbxd2 d5 9. exd5 Nxd5 10. 0-0 0-0 11. Re1 Bf5 12. Rc1 Nf4 13. Nb3 Nb4 14. Nc5 b6 15. Ne4 Re8 16. a3 Rxe4 17. Rxe4 Bxe4 18. axb4 Qf6 19. Be2 Qg6 20. g3 Nh3+ 21. Kg2 Qh5 22. Kf1 Re8 23. Ne5 Qf5 24. f4 f6 25. Bg4 Bd3+ 26. Nxd3 Qe4 27. Bxh3 Qxd4 28. Qb3+ Kh8 29. Qc3 Qd6 30. Bg2 Qe6 31. Re1 Qd7 32. Rxe8+ Qxe8 33. Qxc7 g6 34. Qxa7 Qb5 35. Qa8+ Kg7 36. Qb7+ Kh8 37. Qd5 Qa4 38. Bf3 Qa1+ 39. Kg2 Kg7 40. Qb7+ Kf8 41. Qxb6 Qb1 42. Qxf6+ 1-0

[Event "Sachsen-ch U12"]
[Site "Sebnitz"]
[Date "2006.04.19"]
[Round "3"]
[White "Morawetz, Kilian"]
[Black "Lindner, Sebastian"]
[Result "0-1"]
[WhiteElo "1214"]
[BlackElo "1352"]
[PlyCount "123"]
[EventDate "2006.04.18"]
[EventType "swiss"]
[EventRounds "7"]
[EventCountry "GER"]
[SourceTitle "EXT 2007"]
[Source "ChessBase"]
[SourceDate "2006.11.23"]
[SourceVersion "1"]
[SourceVersionDate "2006.11.23"]
[SourceQuality "1"]

1. e4 c5 2. Nf3 d6 3. d4 cxd4 4. Nxd4 Nf6 5. Nc3 e6 6. Nf3 a6 7. e5 Ng8 8. exd6 Qxd6 9. Qxd6 Bxd6 10. Bc4 Ne7 11. 0-0 b5 12. Bd3 Bb7 13. Be4 Bc6 14. Bg5 f6 15. Be3 b4 16. Bxc6+ Nbxc6 17. Ne4 Be5 18. Nxe5 Nxe5 19. Nc5 Kf7 20. Rfd1 Nd5 21. Bd4 Ng6 22. Re1 e5 23. Be3 Rhc8 24. Nd3 Rxc2 25. Bc5 a5 26. Red1 Rc8 27. Ba7 R8c7 28. Bb8 Rb7 29. Bd6 Rc6 30. Nxe5+ fxe5 31. Rxd5 Rd7 32. Rad1 Ke6 33. Rxa5 Rdxd6 34. Rxd6+ Rxd6 35. g3 Rb6 36. a4 bxa3 37. bxa3 Rb7 38. a4 Kd6 39. Kg2 Ne7 40. Kf3 h5 41. Ke4 Rb4+ 42. Kd3 Rd4+ 43. Kc3 Nd5+ 44. Kb3 Rd3+ 45. Kc4 Rc3+ 46. Kb5 Rc5+ 47. Ka6 Rxa5+ 48. Kxa5 Kc5 49. Ka6 Kc6 50. a5 e4 51. Ka7 Kc7 52. a6 g5 53. h3 g4 54. h4 Nb4 55. Ka8 Nxa6 56. Ka7 Nc5 57. Ka8 Nd3 58. Ka7 Nxf2 59. Ka6 e3 60. Kb5 e2 61. Kc4 e1Q 62. Kd4 0-1

[Event "Sachsen-ch U12"]
[Site "Sebnitz"]
[Date "2006.04.18"]
[Round "2"]
[White "Hentschel, Lars"]
[Black "Morawetz, Kilian"]
[Result "1/2-1/2"]
[WhiteElo "1137"]
[BlackElo "1214"]
[PlyCount "56"]
[EventDate "2006.04.18"]
[EventType "swiss"]
[EventRounds "7"]
[EventCountry "GER"]
[SourceTitle "EXT 2007"]
[Source "ChessBase"]
[SourceDate "2006.11.23"]
[SourceVersion "1"]
[SourceVersionDate "2006.11.23"]
[SourceQuality "1"]

1. e4 e5 2. f4 d5 3. exd5 c6 4. Nf3 exf4 5. d4 Bd6 6. Nc3 Bg4 7. dxc6 Nxc6 8. Bb5 a6 9. Bxc6+ bxc6 10. Qe2+ Ne7 11. Bd2 Rb8 12. 0-0-0 Qb6 13. Na4 Bxf3 14. gxf3 Qxd4 15. Qxa6 Ba3 16. c3 Qd6 17. bxa3 Qxa3+ 18. Kc2 Rb2+ 19. Kd3 Qd6+ 20. Ke2 Qe5+ 21. Kf2 Qe3+ 22. Kf1 Qxf3+ 23. Ke1 Qxh1+ 24. Qf1 Qxh2 25. Nxb2 Qg3+ 26. Qf2 0-0 27. Bxf4 Qxc3+ 28. Qd2 Qf3 1/2-1/2

[Event "Sachsen-ch U12"]
[Site "Sebnitz"]
[Date "2005.03.29"]
[Round "1"]
[White "Morawetz, Kilian"]
[Black "Meier, Tim"]
[Result "1/2-1/2"]
[WhiteElo "1205"]
[BlackElo "1357"]
[PlyCount "25"]
[EventDate "2005.03.29"]
[EventType "swiss"]
[EventRounds "7"]
[EventCountry "GER"]
[SourceTitle "EXT 2007"]
[Source "ChessBase"]
[SourceDate "2006.11.23"]
[SourceVersion "1"]
[SourceVersionDate "2006.11.23"]
[SourceQuality "1"]

1. e4 e5 2. Nf3 Nc6 3. Bc4 Be7 4. 0-0 d6 5. h3 Nf6 6. Nc3 0-0 7. d3 Be6 8. Bb3 Rb8 9. Ng5 Bxb3 10. axb3 a6 11. Nf3 Nd7 12. Be3 h6 13. d4 1/2-1/2